La enseñanza de la lectoescritura (Registro nro. 321112)

Detalles MARC
000 -ENCABEZADO
Número de control [NR] 01151nam a22002777a 4500
005 - FECHA Y HORA DE LA ÚLTIMA TRANSACCIÓN
control field 20220506154130.0
008 - DE LONGITUD FIJA DE DATOS DE ELEMENTOS - INFORMACIÓN GENERAL
Elementos de longitud fija [NR] 220506s1995 sp |||gr|||| 00| 0 spa d
020 ## - NUMERO INTERNACIONAL NORMALIZADO PARA LIBROS [R]
Número Internacional Normalizado del libro [NR] 9788477740469 (2a.Ed.)
020 ## - NUMERO INTERNACIONAL NORMALIZADO PARA LIBROS [R]
Número Internacional Normalizado del libro [NR] 8477740461
040 ## - FUENTE DE CATALOGACION [NR]
Agencia de catalogación original [NR] CO-BoUCM
Idioma de catalogación [NR] spa
Quien Cataloga Deissy Garcia
Quien Clasifica Deissy Garcia
041 0# - CODIGO DE IDIOMA [R]
Código de idioma para texto/pista de sonido o título separado [R] Español
100 1# - ASIENTO PRINCIPAL--NOMBRE PERSONAL [NR]
ID Autoridad 174611
Nombre personal [NR] Smith, Carl B.
245 13 - MENCION DE TITULO [NR]
Título [NR] La enseñanza de la lectoescritura
Parte restante del título [NR] un enfoque interactivo
Mención de responsabilidad, etc. [NR] Carl B. Smith, Karin L. Dahl ; traducción, Jesús Alonso Tapia
250 ## - MENCION DE EDICION [NR]
Mención de edición [NR] 2a.Ed.
260 ## - PUBLICACION, DISTRIBUCION, ETC. (PIE DE IMPRENTA) [R]
Lugar de publicación, distribución, etc. [R] Madrid
Nombre del editor, distribuidor, etc. [R] Visor Fotocomposición
Fecha de publicación, distribución, etc. [R] 1995
300 ## - DESCRIPCION FISICA [R]
Extensión [R] 162 páginas
490 0# - MENCION DE SERIE [R]
Mención de serie [R] Colección Aprendizaje
Designación numérica/secuencial del volumen [NR] 46
500 ## - NOTA GENERAL [R]
Nota general [NR] Bibliografía Básica - Escuela de Administración - Pregrado en Marketing y Negocios Digitales
500 ## - NOTA GENERAL [R]
Nota general [NR] Bibliografía Básica - Escuela de Administración - Pregrado en Administración de Negocios Internacionales
504 ## - NOTA DE BIBLIOGRAFIA, ETC. [R]
Nota de bibliografía, etc. [NR] Incluye referencias bibliográficas e índices
650 #7 - ASIENTO SECUNDARIO DE MATERIA - TERMINO TEMATICO [R]
9 (RLIN) 18304
Término temático o nombre geográfico como elemento de entrada [NR] Lectoescritura
Subdivisión general [R] Enseñanza
650 #7 - ASIENTO SECUNDARIO DE MATERIA - TERMINO TEMATICO [R]
9 (RLIN) 15523
Término temático o nombre geográfico como elemento de entrada [NR] Facilidad de lectura
700 1# - ASIENTO SECUNDARIO - NOMBRE PERSONAL [R]
9 (RLIN) 174612
Nombre personal [NR] Dahl, Karin L.
942 ## - ELEMENTOS DE ENTRADA AGREGADOS (KOHA)
Sistema de clasificación DEWEY
Tema principal Educación
Tipo de ítem principal el descrito en 300a Libro
Edición 1
Clasificación 372.414
Parte restante de la signatura top. S642e
Título oculto en OPAC No
Existencias
Total préstamos Signatura topográfica Código de barras Última vez visto Volúmen / Fascículo Ejemplar Costo de reposición Price effective from Tipo de ítem Perdido Sistema de clasificación Dañado No prestable Tipo de ítem específico Suprimido Ubicación habitual Ubicación actual Localización Fecha de creación Forma de adquisición Costo
  372.414 S642e 100170202 10/12/2025 2a.Ed. Ej.1 100400.00 06/05/2022 Libro   DEWEY     Libro   Sede del emprendimiento y la innovación Sede del Emprendimiento, Innovación y Creación 1er piso 06/05/2022 Compra 100400.00